Tabela La Liga 23/24 - Statystyki

Ogólne statystyki
  • Ten quiz został rozwiązany 52 razy
  • Średni wynik to 6 z 20
Statystyki odpowiedzi
# Klub % Poprawnych
1. Real Madryt
100%
2. Barcelona
89%
4. Atletico Madryt
67%
3. Girona
67%
7. Real Betis
44%
5. Athletic Bilbao
38%
6. Real Sociedad
33%
8. Villareal
31%
9. Valencia
27%
18. Cadiz
18%
14. Sevilla
16%
13. Celta
13%
11. Osasuna
13%
19. Almeria
11%
10. Deportivo Alaves
11%
20. Granada
11%
16. Las Palmas
11%
15. Mallorca
11%
12. Getafe
9%
17. Rayo Valecano
4%
Nie znaleziono quizów pasujących do podanych kryteriów
Rozkład punktacji
Procent ludzi z każdym wynikiem
Percentyl według liczby udzielonych odpowiedzi
Twoja historia wyników
Nie rozwiązałeś tego quizu